000 00184nam a2200085Ia 4500
008 120527s9999 xx 000 0 und d
100 _aBOYES & MELVIN
245 _aEconomics
942 _cBK
999 _c27280
_d27280